00468 2200193 4500001002100000005001500021008004100036020002200077035001900099041000700118082001600125090001600141100002100157245002100178250000600199260002600205300002300231650002000254INLIS00000000002094020241224130938241224||||||||| | ||| |||| || |  a978-979-727-575-4 0010-1224020940 aid0 a597.8 RIK m a597.8 RIK m0 aRikky Firmansyah00aMengenal Amfibia a1 aBandungbArmicoc2009 avi, 42 hlm.; 21 cm 0aIlmu-ilmu Murni